| 000 | 00654nam a2200253 a 4500 | ||
|---|---|---|---|
| 001 | nice12345678 | ||
| 003 | IN_TiNIC | ||
| 005 | 20260116013956.0 | ||
| 008 | 050524s1997 anaa grp 000 0 eng | ||
| 020 |
_a _c200 |
||
| 082 | 0 | 0 |
_a291 _bDSO |
| 100 | _aD`Souza, Rudolf V | ||
| 245 | _aBhagvadgita and St. John of the Cross. | ||
| 260 |
_aAnand _bGujarat Sahitya Prakash _c1997 |
||
| 300 | _a460p | ||
| 500 | _aincludes index and biblioraphy | ||
| 505 | 2 | _aIndex of authors | |
| 650 | _aComparative Religion-Chris& Hinduis | ||
| 650 | _aTheology-India | ||
| 700 | 1 | _aD`Souza, Rudolf V | |
| 902 | _bSRS | ||
| 942 | _cBK | ||
| 999 |
_c13332 _d13332 |
||